000 00654nam a2200241Ia 4500
003 OSt
005 20220924142307.0
006 a|||||r|||| 00| 0
007 ta
008 220923b |||||||| |||| 00| 0 ben d
024 _a301326
037 _cTextual
040 _aARTS
_cARTS
_bben
041 _2ben
_aben
082 _aY74436:1, 157M6
100 _aMaitreya Akshay Kumar
_9213160
245 0 _aSagarika
260 _c1986
650 _aSOCIOLOGY
700 _a Chowdhury Nirmalchandra Ed.
_9213161
942 _hY74436:1, 157M6
_cTEXL
_2CC
999 _c450177
_d450177